000 00369pab a2200145 454500
008 180718b1995 xxu||||| |||| 00| 0 eng d
100 _aHassan, Huma
245 _aManagement
_blife-long self-learning
260 _c1995
300 _ap.38-39
362 _a1-15 Mar
650 _aManagement - Study and teaching - India
773 _aDemocratic World
909 _a26364
999 _c26364
_d26364